000
00202nam a22000857a 4500
008
160817b xxu||||| |||| 00| 0 eng d
100
_9
160
_a
Sebahattin
245
_a
Hagia Sophia
260
_b
Net Turislik
_c
1997
999
_c
2818
_d
2818